| 000 | 00820nam a22002417a 4500 | ||
|---|---|---|---|
| 003 | CBULib | ||
| 005 | 20240216093920.0 | ||
| 008 | 240216b |||||||| |||| 00| 0 eng d | ||
| 040 |
_aCBULib _bEnglish _cCBULib _erda |
||
| 041 | _aeng | ||
| 050 | _aCBU(058)GC/2009 | ||
| 110 | _aThe Copperbelt University(CBU) | ||
| 245 |
_a the Copperbelt University : 18th graduation ceremony _c/ by The Copperbelt University(CBU) |
||
| 260 |
_bCopperbelt University, _c2009. _aKitwe : |
||
| 300 | _a48 pages : illustrations | ||
| 336 |
_2rdacontent _aText | _btxt |
||
| 337 |
_2rdamedia _aUnmediated | _bn |
||
| 338 |
_2rdacarrier _aVolume _bnc |
||
| 650 | _aCOPPERBELT UNIVERSITY--GRADUATION CEREMONIES | ||
| 650 | _a COPPERBELT UNIVERSITY--ANNUAL REPORTS | ||
| 650 | _a UNIVERSITIES AND COLLEGES--ZAMBIA | ||
| 942 |
_2mc _c030 |
||
| 999 |
_c83465 _d83465 |
||